Character, Movie, Location Matchup II Quiz Stats

 Plays Quiz Updated Sep 8, 2017

Score 0/18 Timer 06:00
1 Play Today
% Correct
Mark Zuckerberg
92.6%
Simba
89.4%
Danny Zuko
86.5%
Jor-El
82.8%
Sarah Connor
77.7%
Egon Spengler
75%
Phil Connors
75%
Cherilyn 'Cher' Horowitz
74.6%
Daniel LaRusso
73.3%
% Correct
Groot
71.4%
Mark Watney
69.9%
Buttercup
68.7%
John Bender
66.7%
Ripley
65%
Oddjob
63.6%
Jyn Erso
61%
Toothless
54.9%
Bob Harris
53.9%

You're not logged in!

Compare scores with friends on all Sporcle quizzes.
Join for Free
OR
Log In

You Might Also Like...

Show Comments

Extras

Top Quizzes Today


Score Distribution

Your Account Isn't Verified!

In order to create a playlist on Sporcle, you need to verify the email address you used during registration. Go to your Sporcle Settings to finish the process.

Report this User

Report this user for behavior that violates our Community Guidelines.

Details: